| 000 | 00522nam a2200181Ia 4500 | ||
|---|---|---|---|
| 999 |
_c14889 _d14889 |
||
| 003 | OSt | ||
| 005 | 20201020131910.0 | ||
| 008 | 190216s9999||||xx |||||||||||||| ||und|| | ||
| 020 | _a9788125030089 | ||
| 040 | _coclc | ||
| 082 |
_a820.9 _bNAG/E |
||
| 100 |
_aNagarajan, M S _95389 |
||
| 245 | 0 |
_aEnglish Literary Criticism And Theory / _cM S Nagarajan |
|
| 260 |
_bOrient Black Swans , _c2014. _aHyderabad: |
||
| 300 | _a312p | ||
| 650 | _aEnglish | ||
| 942 |
_cBK _2ddc _h820.9 _iNAG/E _k820.9 _mNAG/E |
||